Botany: a functional approach

Uloženo v:
Podrobná bibliografie
Hlavní autor: Muller, Walter H. (Autor)
Médium: Kniha
Jazyk:angličtina
Vydáno: Nueva York Macmillan 1969
Vydání:2a. ed
Témata:
Tagy: Přidat tag
Žádné tagy, Buďte první, kdo vytvoří štítek k tomuto záznamu!

MARC

LEADER 00000nam a2200000 a 4500
001 UCU4307
003 CL-VaPUC
008 960517e19690000US |||||||||||||||||eng|d
082 0 4 |a 581  |b MUL  |2 21 
100 |a Muller, Walter H.  |e author  |9 361836 
245 1 0 |a Botany: a functional approach 
250 |a 2a. ed 
300 |a 400 p 
942 |c BK 
945 |d 19960517 00:00:00  |a rbrito 
260 |a Nueva York  |b Macmillan  |c 1969 
650 0 |a Botánica  |9 264202 
650 0 |a Plantas  |9 264555 
650 0 |a Biología  |9 262022 
650 0 |a Fotosíntesis  |9 261610 
583 |a last modification  |c 19960517 00:00:00  |k Rodrigo Vera 
999 |c 248057  |d 248055 
952 |0 0  |1 0  |4 0  |6 581_000000000000000_MUL_1969  |7 0  |8 A  |9 264400  |a BIBCUR  |b BIBCUR  |d 2019-11-19  |i 3199363  |o 581 MUL 1969  |p 3199363  |r 2025-04-22  |w 2019-11-19  |y BK  |k BCB